Electronic Engineering Semiconductors & Devices (Record no. 18828)

MARC details
000 -LEADER
fixed length control field 00371nam a2200145Ia 4500
008 - FIXED-LENGTH DATA ELEMENTS--GENERAL INFORMATION
fixed length control field 221030s9999 xx 000 0 und d
020 ## - INTERNATIONAL STANDARD BOOK NUMBER
ISBN 0070841942
041 ## - LANGUAGE CODE
Language code of text/sound track or separate title
100 ## - MAIN ENTRY--AUTHOR NAME
Personal name J. Allison
245 #0 - TITLE STATEMENT
Title Electronic Engineering Semiconductors & Devices
Statement of responsibility, etc by J. Allison
260 ## - PUBLICATION, DISTRIBUTION, ETC. (IMPRINT)
Name of publisher Mcgraw - Hill
Place of publication London
Year of publication 1971
300 ## - PHYSICAL DESCRIPTION
Number of Pages 376
650 ## - SUBJECT ADDED ENTRY--TOPICAL TERM
Topical Term BB ECE
942 ## - ADDED ENTRY ELEMENTS (KOHA)
Koha item type Books
Holdings
Accession Number Price effective from Koha item type Withdrawn / writtenoff status Materials specified (bound volume or other part) Damaged status Not for loan Permanent Location Current Location Shelving location Date acquired Lost/ Missing status department
BB 1050 10/30/2022 Books   Print     MIET Library, Jammu MIET Library, Jammu BL-, FL-, CUP-103, SH-4, R-4 03/16/2022   BB